| 000 | 00576nam a22002057a 4500 | ||
|---|---|---|---|
| 003 | koha_MIRAKIL | ||
| 005 | 20231213095903.0 | ||
| 008 | 231213b |||||||| |||| 00| 0 ||| d | ||
| 020 | _b978-9-75263948-5 | ||
| 040 |
_aTR-IsEVY _btur _cTR-IsEVY |
||
| 082 | _a808.06831 KÖR | ||
| 100 | _ahazırlayan Nefise Akçakarlar ; resimleyen Halil İncesu. | ||
| 245 | 0 |
_aKöroğlu _bcesur yiğit |
|
| 250 | _a4. bs. | ||
| 260 |
_bTimaş Yayınları, _c2012 |
||
| 300 | _a96 s. | ||
| 650 | _aDestan edebiyatı, Türk. | ||
| 650 | _aEpic literature, Turkish. | ||
| 942 |
_2ddc _cBK |
||
| 999 |
_c11062 _d11062 |
||